| 000 | 00796nam a22002535a 4500 | ||
|---|---|---|---|
| 005 | 20201128023859.0 | ||
| 008 | 161016s2015 ii a fr 001 0 eng d | ||
| 020 | _a9789332507470 | ||
| 040 |
_aEG-ScBUE _beng _cEG-ScBUE _dEG-ScBUE |
||
| 082 | 0 | 4 |
_222 _a332.1068 _bSUR |
| 100 | 1 | _aSuresh, Padmalatha. | |
| 245 | 1 | 0 |
_aManagement of banking and financial services / _cPadmalatha Suresh, Justin Paul. |
| 250 | _a3rd ed., 2nd impression. | ||
| 260 |
_aNew Delhi : _bPearson Education, _c2015. |
||
| 300 |
_axiv, 683 p. : _bill. ; _c28 cm. |
||
| 500 | _aIndex : p. [679]-683. | ||
| 650 | 0 |
_2BUEsh _aBank management. |
|
| 650 | 7 |
_91509 _aFinance. _2BUEsh |
|
| 650 | 7 |
_912222 _aRisk management. _2BUEsh |
|
| 651 | _2BUEsh | ||
| 653 |
_bBUSADM _cOctober2016 |
||
| 700 | 1 | _aPaul, Justin. | |
| 942 | _2ddc | ||
| 999 |
_c22611 _d22583 |
||